000 01716nam a2200289 a 4500
001 22689
003 BD-RjUL
005 20211209000834.0
008 180925r19661911uk b 001 0 eng d
035 _a(BD-RjUL)22754
040 _aQUT
_beng
_cQUT
_dNU
_dBD-RjUL
041 _aeng
082 0 4 _a201.3
_223
_bFRG 1963
100 1 _aFrazer, James George,
_d1854-1941.
_9222885
245 1 4 _aThe golden bough :
_ba study in magic and religion /
_cby Sir James George Frazer.
246 2 3 _aAftermath :
_ba supplement to the golden bough
250 _a3rd ed.
260 _aLondon :
_bMacmillan,
_c1911-1936 [Reprinted 1963]
300 _a12 v. ;
_c23 cm. +
_esupplementary volume, c. 1936.
500 _aSupplementary volume: Aftermath: a supplement to The Golden Bough
505 0 _aPt. 1. vol. 1-2 (In Two Volumes): The magic art and the evolution of kings. 1911[Reprinted 1963] - Pt. 2. Taboo and the perils of the soul. 1911 [Reprinted 1963] - Pt. 3. The dying god. 1911 [Reprinted 1963] . - Pt. 4. vol. 1-2. (In Two Volumes): Adonis, Attis, Osiris: studies in the history of oriental religion. 1914 [Reprinted 1963] - Pt. 5. vol. 1- (In Two Volumes): Spirits of the corn and of the wild. 1912 [Reprinted 1963] - Pt. 6. The scapegoat. 1913 [Reprinted 1963] - Pt. 7. vol. 1-2 (In Two Volumes): Balder the Beautiful: the fire festivals of Europe and the doctrine of the external soul. 1913 [Reprinted 1963]. - Pt. 8. Vol. 12. Bibliography and general index. 1915 ] -- Supplement: Aftermath : a supplement to the Golden Bough.1936 [Reprinted 1963]
650 0 _aMythology.
_9222886
650 0 _aReligion.
_9222887
650 0 _aMagic.
_9222888
650 0 _aSuperstition.
_9222889
942 _2ddc
_cRAR
999 _c22689
_d22689